Energetics in metallurgical phenomena.

Bibliographic Details
Corporate Authors: Seminar on Energetics in Metallurgical Phenomena, University of Denver. Department of Metallurgy
Other Authors: Mueller, William M.
Format: Conference Proceeding
Language:English
Published: New York : Gordon and Breach.
Subjects:
Online Availability: Check for online availability

MARC

Tag First Indicator Second Indicator Subfields
LEADER 00000cas a2200000 4500
001 in00000037010
005 20151007070351.0
008 751101c19629999nyuuu 0uuua0eng d
010 |a  65017541  
022 |a 0582-5822 
035 |a (OCoLC)01765383 
035 |9 AAE3873AM 
040 |a DLC  |c MUL  |d COO  |d TXA  |d UtOrBLW 
049 |a TXAE 
050 0 0 |a TN675  |b .S4 
082 0 |a 669 
111 2 |a Seminar on Energetics in Metallurgical Phenomena. 
245 1 0 |a Energetics in metallurgical phenomena. 
264 1 |a New York :  |b Gordon and Breach. 
300 |a  volumes :  |b illustrations 
336 |a text  |b txt  |2 rdacontent 
337 |a unmediated  |b n  |2 rdamedia 
338 |a volume  |b nc  |2 rdacarrier 
362 0 |a v. 1- 1962- 
550 |a Sponsored by the University of Denver's Dept. of Metallurgy. 
500 |a Editors: 1962- W. M. Mueller. 
650 0 |a Metallurgy. 
700 1 |a Mueller, William M. 
710 2 |a University of Denver.  |b Department of Metallurgy. 
999 |a MARS 
999 f f |s 86d95a7c-cc7f-3c3b-b04c-03220bc50ec1  |i 2fd28f45-69e5-324d-9e3f-4b5b1533fa7e  |t 0 
952 f f |p ric  |a Texas A&M University  |b Rellis Campus  |c Joint Library Facility  |d Remote Storage  |t 0  |e TN675 .S4  |h Library of Congress classification  |i unmediated -- volume  |k v.1  |l 1962  |m A14810788665 
998 f f |a TN675 .S4  |s v.1 (1962)-v.4 (1968)  |t 0  |l Remote Storage